[Event "GRE-ch U14"]
[Site "Achaia"]
[Date "2017.06.29"]
[Round "5"]
[White "Pelantakis, Fotios"]
[Black "Trigkas, Athanasios"]
[Result "1-0"]
[WhiteElo "1230"]
[BlackElo "1080"]
[PlyCount "67"]
[EventDate "2017.06.26"]
[EventType "swiss"]
[EventRounds "9"]
[EventCountry "GRE"]
[SourceTitle "EXT 2018"]
[Source "ChessBase"]
[SourceDate "2017.10.13"]
[SourceVersion "1"]
[SourceVersionDate "2017.10.13"]
[SourceQuality "1"]

1. c4 c5 2. Nc3 Nc6 3. g3 d6 4. Bg2 g6 5. d3 Bg7 6. Bd2 Bd7 7. e3 Nf6 8. Nge2 Be6 9. a3 a5 10. b3 Nh5 11. Bc1 Bf6 12. Bb2 Ng7 13. d4 cxd4 14. Nxd4 Nxd4 15. exd4 Qc8 16. Nd5 Ra6 17. Nxf6+ exf6 18. d5 Bf5 19. Bxf6 0-0 20. 0-0 Bh3 21. Re1 Bxg2 22. Kxg2 Nf5 23. Qd2 h5 24. Rab1 a4 25. Qb4 Qd7 26. bxa4 Rxa4 27. Qxb7 Qxb7 28. Rxb7 Rxc4 29. Ra7 Rc5 30. Rd1 Re8 31. Kf3 Kh7 32. Rxf7+ Kh6 33. h4 Ra5 34. Bg5# 1-0

[Event "GRE-ch U14"]
[Site "Porto Rio"]
[Date "2016.07.04"]
[Round "9"]
[White "Trigkas, Athanasios"]
[Black "Diamantopoulos, Nikolaos"]
[Result "0-1"]
[WhiteElo "1067"]
[BlackElo "1842"]
[PlyCount "56"]
[EventDate "2016.06.28"]
[EventType "swiss"]
[EventRounds "9"]
[EventCountry "GRE"]
[SourceTitle "CBM 173 Extra"]
[Source "ChessBase"]
[SourceDate "2016.08.29"]
[SourceVersion "1"]
[SourceVersionDate "2016.08.29"]
[SourceQuality "1"]

1. e4 c5 2. c3 d5 3. e5 Nc6 4. d4 cxd4 5. cxd4 g6 6. Nf3 Bg7 7. Be3 e6 8. Nc3 Nge7 9. Bd3 0-0 10. Qd2 a6 11. Bh6 Bxh6 12. Qxh6 Nf5 13. Bxf5 exf5 14. Ng5 Qxg5 15. Qxg5 Nxd4 16. Qd2 Nc6 17. Qxd5 Nb4 18. Qd2 Be6 19. a3 Rad8 20. Qc1 Nd3+ 21. Ke2 Nxc1+ 22. Raxc1 Rfe8 23. Rhe1 Bc4+ 24. Kf3 Rd3+ 25. Kf4 Red8 26. Red1 R8d4+ 27. Kg5 Kg7 28. h3 h6# 0-1

[Event "GRE-ch U12"]
[Site "Rio Achaia"]
[Date "2015.06.26"]
[Round "1.15"]
[White "Chatzieleftheriou, Andreas"]
[Black "Trigkas, Athanasios"]
[Result "1-0"]
[WhiteElo "1450"]
[BlackElo "1103"]
[PlyCount "103"]
[EventDate "2015.06.26"]
[EventType "swiss"]
[EventRounds "9"]
[EventCountry "GRE"]
[SourceTitle "EXT 2024"]
[Source "ChessBase"]
[SourceDate "2023.10.10"]
[SourceVersion "1"]
[SourceVersionDate "2023.10.10"]
[SourceQuality "1"]

1. e4 e6 2. d4 d5 3. Nd2 dxe4 4. Nxe4 Nd7 5. Nf3 Ngf6 6. Bg5 Be7 7. Nxf6+ Nxf6 8. Bd3 h6 9. Bh4 0-0 10. c3 Re8 11. 0-0 Bd6 12. Qe2 c6 13. Ne5 Be7 14. f4 c5 15. Bxf6 Bxf6 16. dxc5 Be7 17. b4 Qc7 18. Qe4 f5 19. Qe3 b6 20. Bb5 Rd8 21. Nc6 Rf8 22. Nxe7+ Qxe7 23. cxb6 Qb7 24. Bc4 Qxb6 25. Qxb6 axb6 26. Rfe1 Re8 27. Re5 Bd7 28. Bb3 Rac8 29. Rd1 Rc7 30. Rxd7 Rxd7 31. Bxe6+ Rxe6 32. Rxe6 Rc7 33. Rxb6 Rxc3 34. a4 Rc4 35. g3 Kf8 36. a5 Rc3 37. a6 Ra3 38. b5 Ra5 39. Rb7 g6 40. a7 Ra1+ 41. Kf2 Ra2+ 42. Ke3 Ra3+ 43. Kd4 Ra4+ 44. Kc5 Re4 45. a8Q+ Re8 46. Rb8 Rxb8 47. Qxb8+ Kf7 48. Qd6 Ke8 49. Qc7 Kf8 50. b6 Kg8 51. b7 Kh8 52. b8R# 1-0